Chytrozemě

Saved in:
Bibliographic Details
Main Author Lucy, Crehan
Format Electronic eBook
LanguageCzech
Published Nakladatelství Audiolibrix 2022
Edition1. elektronické vydání
Subjects
Online AccessDostupné v BOOKPORT po přihlášení pomocí eduID
ISBN978-80-88407-57-7
978-80-88407-32-4
978-80-88407-31-7
Physical Description1 online zdroj (292 stran)

Cover

LEADER 00000nam a2200000 i 4500
001 bkp934608149
003 CZ-prgp
005 20251009090539.0
006 m o d
007 cr cn
008 251009s2022 xr o 000 0 cze
020 |a 978-80-88407-57-7  |c 249 Kč  |q (online ; pdf) 
020 |a 978-80-88407-32-4  |c 249 Kč  |q (online ; epub) 
020 |a 978-80-88407-31-7  |c 349 Kč  |q (print) 
040 |a Grada  |b cze  |e rda 
100 1 |a Lucy, Crehan 
245 1 0 |a Chytrozemě  |c Crehan Lucy 
250 |a 1. elektronické vydání 
264 1 |b Nakladatelství Audiolibrix  |c 2022 
300 |a 1 online zdroj (292 stran) 
336 |a text  |b txt  |2 rdacontent 
337 |a počítač  |b c  |2 rdamedia 
338 |a online zdroj  |b cr  |2 rdacarrier 
520 3 |a Jaká jsou tajemství zemí, které mají nejlepší školství na světě? A jak to udělat i u nás? --- Nepostradatelná kniha pro učitele, rodiče i studenty, kterým záleží na vzdělávání. A také pro ty, kterým se nelíbil náš školský systém, když sami seděli ve školních lavicích. Lucy Crehan byla jako učitelka rozčílená neustále se měnící vládní politikou, zakládající se prý na zkušenostech z nejlepších vzdělávacích systémů. Ve Finsku, Kanadě, Japonsku, Číně, Singapuru a na Novém Zélandu strávila měsíce s učiteli ve školách. Bere nás na exkurzi po těchto vzdělávacích systémech, vykresluje obraz školního života, dává smysl teoriím, faktům a číslům prostřednictvím příběhů skutečných učitelů a dětí a vybízí nás k zamyšlení nad cíli vzdělávání ve světle těchto rozdílných možností. - Jak se vychovává kolektivní odpovědnost v Japonsku a je důležitá? - Proč dáváme tolik peněz do vzdělávání, ale výsledkem je průměr? - Co stojí za úspěchem států s nejlepším vzděláváním na světě? - Co udělat, aby našim dětem vzdělání k něčemu bylo? - Proč mají finští žáci zdaleka nejlepší výsledky? 
650 0 4 |a Rodičovství 
856 4 0 |u https://www.bookport.cz/AccountSaml/SignIn/?idp=https://shibboleth.utb.cz/idp/shibboleth&returnUrl=/kniha/chytrozeme-15308/  |y Dostupné v BOOKPORT po přihlášení pomocí eduID